000 00771nam a22002177a 4500
003 OSt
005 20251125142842.0
008 251125b |||||||| |||| 00| 0 eng d
020 _a978-1-83864-857-2
040 _aDWC-Main lib
_cOC
082 _2Second edition
_aCirc. 794.815 H823b 2019
100 _aHorton, John
245 _aBeginning C++ game programming: learn to program with C++ by building fun games/
_cJohn Horton
250 _aSecond edition
260 _abrimington- mumbai :
_bPackt publishing limited,
_cc2019.
300 _axxiv, 714 pages :
_billustrations ;
_c24cm.
504 _aIncludes index
650 _a1. C ( Computer program language)
650 _a2. Computer games -- Programs
942 _2ddc
_cBK-CIRC
_eSecond edition
_kCirc.
_n0
999 _c6290
_d6290